=LDR 00000nam 2200000 4500 =001 INLIS000000000025811 =005 20130612124307 =008 ***********************************Ind** =035 ##$$0010-061300000025811 =041 ##$$a Ind =082 ##$$a 028.5 =090 ##$$a 028.5, Fir k =100 ##$$a Firdaus, Endang =245 ##$$a Kisah-kisah kancil, Endang Firdaus =260 ##$$a 1995 $b Jakarta =300 ##$$a vi, 36 hlm, ilus, 21 cm =650 ##$$a Kancil - Cerita anak-anak =850 ##$$a NBPNMAT